000 01206cam a2200241 i 4500
003 SA-RiAUC
005 20251221124313.0
008 251202s1997 su g b 000 0 ara c
040 _aSA-RiAUC
_bara
_cSA-RiAUC
_erda
082 0 4 _a016.258
090 _a016.258
_bج ا م
110 2 _aالجامعة الإسلامية بالمدينة المنورة
_eمؤلف.
245 1 0 _aفهرس كتب الفرائض والقضاء والسياسة الشرعية والفتاوي في مكتبة المصغرات الفيلمية في قسم المخطوطات في عمادة شؤون المكتبات في الجامعة الإسلامية /
_cإعداد الجامعة الإسلامية.
264 1 _aالمدينة المنورة :
_bالجامعة الإسلامية، عمادة شؤون المكتبات،
_c1997
300 _a583 صفحة ؛
_c30 سم
336 _aنص
_btxt
_2rdacontent
_3كتاب
337 _aبدون وسيط
_bn
_2rdamedia
338 _aمجلد
_bnc
_2rdacarrier
650 7 _aالقضاء
_vببليوجرافيات
_2aucsh
650 7 _aالفقه الإسلامي
_vببليوجرافيات
_2aucsh
942 _2ddc
_cBOOK
_n0
949 _aSA-JeALM
_d251202
_umohamedma123
_n1
999 _c13602
_d13602